000 00666nam a22002417a 4500
003 UA-OsUOA
001 30118
007 ta
008 20041105b un ||||| |||| 00| 0 ukr d
090 _a91:551.435.36
_bМ80
942 _cBK
040 _aUA-OsUOA
_brus
_cUA-OsUOA
_dUA-OsUOA
245 _aВопросы географии
_bМорские берега
_cРед. С.А.Ковалев
300 _a208 с.
_bІлюстрації
955 _a0
041 _arus
080 _a91:551.435.36
260 _aМосква
_bМысль
_c1982
044 _aRU
250 _nСборник сто девятнадцатый
650 7 _2UDC
999 _c316525
_d316525